Markets (Record no. 82425)

MARC details
000 -LEADER
fixed length control field 01036cam a22002175a 4500
001 - CONTROL NUMBER
control field L150218
008 - FIXED-LENGTH DATA ELEMENTS--GENERAL INFORMATION
fixed length control field 100614e2010 xxk 000 0 eng d
035 ## - SYSTEM CONTROL NUMBER
System control number (Sirsi) u150218
041 0# - LANGUAGE CODE
Language code of text/sound track or separate title eng
100 1# - MAIN ENTRY--PERSONAL NAME
Personal name Eade, Christine
245 00 - TITLE STATEMENT
Title Markets
Remainder of title Shropshire and Staffordshire
260 ## - PUBLICATION, DISTRIBUTION, ETC.
Date of publication, distribution, etc. 2010
490 #0 - SERIES STATEMENT
Series statement Property Week
Volume/sequential designation 76(23) 11 June 2010, 47-50(4)
520 ## - SUMMARY, ETC.
Summary, etc. Shearer Property Group and Shropshire Council collaborate over the revival of Shrewsbury's three covered shopping centres. Reports on the aftermath of two property disasters in the region: the Shrewsbury gas explosion in January and the Stafford fire in March which destroyed the derelict St George's Hospital. North Staffs regeneration endangered by likely public sector cuts. Hark and Apollo is challenging Asda's and local authority's plan to develop Telford supermarket.
590 ## - LOCAL NOTE (RLIN)
Local note KA
651 #4 - SUBJECT ADDED ENTRY--GEOGRAPHIC NAME
Geographic name Shropshire
651 4# - SUBJECT ADDED ENTRY--GEOGRAPHIC NAME
Geographic name Staffordshire
690 ## - LOCAL SUBJECT ADDED ENTRY--TOPICAL TERM (OCLC, RLIN)
Topical term or geographic name as entry element PROPERTY-COMMERCIAL PROPERTY-COMMERCIAL PROPERTY MARKET
700 1# - ADDED ENTRY--PERSONAL NAME
Personal name Herbert, Mike
942 ## - ADDED ENTRY ELEMENTS (KOHA)
Suppress in OPAC 0
Holdings
Withdrawn status Lost status Source of classification or shelving scheme Damaged status Not for loan Home library Current library Shelving location Date acquired Total Checkouts Full call number Barcode Date last seen Copy number Price effective from Koha item type
    Dewey Decimal Classification     London London Journal article 14/06/2010   L150218 150218-1001 06/08/2019 1 06/08/2019 Journal article